Welcome to WEB OPAC of MRSPTU Central Library

Bootan De Sirnave ( ਭੂਤਾਂ ਦੇ ਸਿਰਨਾਵੇਂ ) (Record no. 10491)

MARC details
000 -LEADER
fixed length control field 00445nam a22001457a 4500
003 - CONTROL NUMBER IDENTIFIER
control field OSt
005 - DATE AND TIME OF LATEST TRANSACTION
control field 20250311105350.0
008 - FIXED-LENGTH DATA ELEMENTS--GENERAL INFORMATION
fixed length control field 250311b |||||||| |||| 00| 0 eng d
040 ## - CATALOGING SOURCE
Transcribing agency MRSPTU
100 ## - MAIN ENTRY--PERSONAL NAME
Personal name Langiana, Sadhu Ram ( ਲੰਗੇਆਣਾ, ਸਾਧੂ ਰਾਮ )
245 ## - TITLE STATEMENT
Title Bootan De Sirnave ( ਭੂਤਾਂ ਦੇ ਸਿਰਨਾਵੇਂ )
260 ## - PUBLICATION, DISTRIBUTION, ETC.
Place of publication, distribution, etc. Mohali
Name of publisher, distributor, etc. Lokgeet Parkashan
Date of publication, distribution, etc. 2024
300 ## - PHYSICAL DESCRIPTION
Extent 120
942 ## - ADDED ENTRY ELEMENTS (KOHA)
Source of classification or shelving scheme Dewey Decimal Classification
Koha item type Book
Suppress in OPAC No
Holdings
Withdrawn status Lost status Source of classification or shelving scheme Damaged status Not for loan Home library Current library Date acquired Total checkouts Barcode Date last seen Date last checked out Price effective from Koha item type
    Dewey Decimal Classification     MRSPTU Central Library MRSPTU Central Library 03/11/2025 3 G-356 02/04/2026 11/28/2025 03/11/2025 Book
    Dewey Decimal Classification     MRSPTU Central Library MRSPTU Central Library 03/11/2025 5 G-357 04/16/2026 03/17/2026 03/11/2025 Book

Website Designed and Developed by MRSPTU Central Library Team

E-mail Id: librarian@mrsptu.ac.in